Imaging, modeling and assimilation in seismology /

Bibliographic Details
Corporate Author: ebrary, Inc
Other Authors: Li, Yong-Gang
Format: eBook
Language:English
Published: Berlin ; Boston : De Gruyter, [2012]
Subjects:
Online Access:Connect to the full text of this electronic book

MARC

Tag First Indicator Second Indicator Subfields
LEADER 00000cam a2200000La 4500
001 in00002868913
006 m o d
007 cr cn|||||||||
008 121015s2012 gw a ob 000 0 eng d
005 20250816213354.9
020 |a 9783110259032 (electronic bk.) 
020 |a 3110259036 (electronic bk.) 
020 |z 9783110259025 
035 |a (OCoLC)ocn794491465 
035 |a (NhCcYBP)ebr10554708 
035 |a (OCoLC)794491465 
040 |a E7B  |b eng  |c E7B  |d N$T  |d YDXCP  |d OCLCQ  |d TXA  |d UtOrBLW 
049 |a TXAM 
050 4 |a QE539.2.D36  |b I46 2012eb 
072 7 |a NAT  |x 009000  |2 bisacsh 
072 7 |a SCI  |x 082000  |2 bisacsh 
082 0 4 |a 551.2201/13  |2 23 
245 0 0 |a Imaging, modeling and assimilation in seismology /  |c edited by Yong-Gang Li. 
264 1 |a Berlin ;  |a Boston :  |b De Gruyter,  |c [2012] 
264 4 |c ©2012 
300 |a 1 online resource (x, 262 pages) :  |b illustrations (some color) 
336 |a text  |b txt  |2 rdacontent 
337 |a computer  |b c  |2 rdamedia 
338 |a online resource  |b cr  |2 rdacarrier 
504 |a Includes bibliographical references. 
588 |a Description based on print version record. 
500 |a Electronic resource. 
650 0 |a Seismology  |x Data processing. 
650 0 |a Seismology  |x Mathematical models. 
650 7 |a NATURE  |x Earthquakes & Volcanoes.  |2 bisacsh 
650 7 |a SCIENCE  |x Earth Sciences  |x Seismology & Volcanism.  |2 bisacsh 
655 7 |a Electronic books.  |2 local 
700 1 |a Li, Yong-Gang. 
710 2 |a ebrary, Inc. 
776 0 8 |i Print version:  |t Imaging, modeling and assimilation in seismology.  |d Berlin ; Boston : De Gruyter, c2012  |w (DLC) 2011035607 
856 4 0 |u https://ebookcentral.proquest.com/lib/tamucs/detail.action?docID=887116  |y Connect to the full text of this electronic book  |t 0 
948 |a cataloged  |b h  |c 2013/6/3  |d c  |e jlanham  |f 11:55:42 am 
994 |a C0  |b TXA 
999 f f |s 79e0e788-7ec1-34d1-befd-de1220180a9a  |i 065bd676-1020-33b5-b961-b603134cba55  |t 0 
999 |a MARS 
952 f f |a Texas A&M University  |b College Station  |c Electronic Resources  |d Available Online  |t 0  |e QE539.2.D36 I46 2012eb  |h Library of Congress classification 
998 f f |a QE539.2.D36 I46 2012eb  |t 0  |l Available Online